LEGO Jurassic world dinosaurs by picture - Statistics

General Stats
  • This quiz has been taken 95 times
  • The average score is 12 of 16
Answer Stats
Picture Answer % Correct
T rex
100%
Velociraptor
89%
Triceratops
86%
Brachiosaurus
85%
Stegosaurus
85%
Indominus rex
82%
Spinosaurus
82%
Carnotaurus
81%
Ankylosaurus
80%
Indoraptor
77%
Baryonyx
68%
Gallimimus
65%
Pteranodon
63%
Parasaurolophus
60%
Quetzalcoatlus
51%
Atrociraptor
50%
No matching quizzes found
Score Distribution
Percent of People with Each Score
Percentile by Number Answered
Your Score History
You have not taken this quiz